000 00414nam a2200145Ia 4500
008 211109s9999||||xx |||||||||||||| ||und||
082 _a894.8124
_bKAP-K
100 _aKaphka,
245 0 _aKaphka Yude Pranaya Lekhanangal
260 _bMulberry Publications
_aKozhikode
_c1988
300 _a129p
630 _xGENERAL STACK
650 _aMalayalam
_vMalayalam literature
_xMalayalam essayMalayalam
942 _cBOOK
999 _c39539
_d39539